| 000 | 00532nam a2200169 a 4500 | ||
|---|---|---|---|
| 005 | 20240411063715.0 | ||
| 008 | 991125s1979 mx 000 0 spa u | ||
| 035 | _aUPN01000005946 | ||
| 049 | _aF | ||
| 050 | 4 | _aF1226 O7.2 | |
| 100 | 1 | _aOrtega, Maximino | |
| 245 | 1 | 0 |
_aBosquejo de la historia del movimiento ferrocarrilero (1890-1973) / _cMaximino Ortega |
| 260 |
_aMéxico : _bUNAM, Facultad de Ciencias Políticas y Sociales, _c1979 |
||
| 440 | 0 |
_aMateriales de estudio; _v2 |
|
| 651 | 4 |
_aMéxico _xHistoria _94558 |
|
| 905 | _aLibro | ||
| 999 |
_c5946 _d5946 |
||